| 000 | 00759nmm a2200217Ia 4500 | ||
|---|---|---|---|
| 008 | 251105s9999||||xx |||||||||||||||||und|| | ||
| 020 | _a9788436948370 | ||
| 041 | _aspa | ||
| 100 | _aLorenzo Moledo, María del Mar | ||
| 245 | 0 | _aFamilias inmigrantes en Galicia: la dimensión socioeducativa de la integración | |
| 264 |
_a[Madrid, España] : _bMinisterio de Educación, Cultura y Deporte de España, _c2009 |
||
| 300 | _a565 páginas | ||
| 490 | _aInvestigación | ||
| 650 | _aEmigration and immigration | ||
| 700 | _aLorenzo Moledo, María del Mar | ||
| 700 | 1 | _a Santos Rego, Miguel A. | |
| 700 | 1 | _a Godás Otero, Agustín | |
| 700 | 1 | _a Priegue Caamaño, Diana | |
| 856 | _uhttps://public.digitaliapublishing.com/a/19308 | ||
| 942 | _cCF | ||
| 999 |
_c68045 _d68045 |
||